000 00641nam a2200193 i 4500
001 60951
003 ES-MaACL
005 20230906164334.0
007 t|
008 031107s1971 sp ||||1| spa d
245 0 0 _aEstudios sobre la obra de Américo Castro /
_cA. Amorós ... [et al.] ; dirección y prólogo de Pedro Laín Entralgo.
260 _a[Madrid] :
_bTaurus,
_c[1971]
300 _a453 p. ;
_c21 cm.
600 1 4 _aCastro, Américo,
_d1885-1972-
_xCrítica e interpretación
_936829
700 1 _aAmorós, A.
_921307
700 1 _aLaín Entralgo, Pedro,
_d1908-2001
_969681
852 _aES-MaACL
_jC-38798
999 _c60951
_d60951